MDQL
is popping MORE tags! Check the
thread
!
Quizzes
Events
Quiz Creation
Community
Videos
Private Events
Remove Ads
Sign In
Join for FREE
Feedback
Dark Mode
Quiz Categories
Sports
Geography
Music
Movies
Television
Just For Fun
Miscellaneous
History
Literature
Language
Science
Gaming
Entertainment
Religion
Holiday
For Kids
Quiz Lab
Recent
Popular Today
Quiz Kudos Today
Editor Picks
Curator Picks
Quizzes by...
Day
Popularity
Type
Ratings
Length
Year
Community
Subscriptions
Recent Discussions
Orange Saloon
Badges
Playlists
Quests
Create
Leaderboards
Showdown
Live 5
Trivia Bingo
Activity
Puzzle Library
Sporcle Events
Private Events
Virtual Trivia
Globe League
Become a Host
Pub Owners
SporcleCon
Opinionation
Our Games
Videos
Blog
Mobile Apps
Partnerships
Remove Ads and Go Orange
Feedback
Language
Vocabulary
Begins and Ends
Definition
Spanish
French
German
Italian
Chinese
Latin
Translation
Japanese
Language
Vocabulary
Begins and Ends
Definition
Spanish
French
German
Italian
Chinese
Latin
Translation
Japanese
Random Quiz
Search Sporcle
×
Quiz Lab
Quiz Lab
Language
Click on answers out of a set of options
Click on answers out of a set of options
Multiple Choice
Best Score? Go Orange.
Komparativ Stats
Can you choose the Komparativ?
By
enis87
10m
17 Questions
77 Plays
77 Plays
77 Plays
Comments
Comments
Give Quiz Kudos
Give Quiz Kudos
-
- Ratings
hide this ad
Random Order
Randomize order of answers
Randomize order of answers
Replay
Link that replays current quiz
Next Quiz
Link to next quiz in quiz playlist
You Got
0%
They Got
Avg Score
72%
Avg Friend Score
Upgrade to see
Score Distribution
Jump to the score distribution portion of the page
Score
0/17
Timer
10:00
0
Plays Today
Question
Answer
Wrong Answers
groß?
größer
85.7%
große
2.6%
großer
5.2%
größ
6.5%
dick?
dicker
84.4%
dickeres
2.6%
dickerer
9.1%
dick
0%
süß?
süßer
81.8%
sußer
5.2%
süßerer
6.5%
süsser
2.6%
kurz?
kürzer
80.5%
kurzer
14.3%
kürzerer
2.6%
kürz
0%
bitter?
bitterer
79.2%
bittere
7.8%
bitteres
1.3%
biterer
10.4%
intelligent?
intelligenter
77.9%
intelligenterer
2.6%
inteliggenter
13%
intelligenters
2.6%
klug?
klüger
77.9%
kluger
13%
kluge
5.2%
klügerer
1.3%
lang?
länger
76.6%
langer
16.9%
langes
3.9%
lang
0%
salzig?
salziger
70.1%
sälziger
20.8%
salzig
1.3%
salzigerer
5.2%
schüchtern?
schüchterner
70.1%
schuchterner
19.5%
schuchterne
0%
schüchtern
6.5%
doof?
doofer
67.5%
doöfer
11.7%
dööfer
1.3%
döofer
16.9%
warm?
wärmer
67.5%
warmer
28.6%
warm
0%
warme
1.3%
schlau?
schlauer
64.9%
schlaüer
20.8%
schlaus
1.3%
schlauerer
11.7%
offen?
offener
64.9%
öffener
31.2%
ofener
1.3%
offenes
0%
teuer?
teuerer
63.6%
teürer
23.4%
teures
3.9%
teure
9.1%
scharf?
schärfer
58.4%
scharfes
0%
scharfer
35.1%
scharfen
2.6%
schlau?
schlauer
57.1%
schlauerer
6.5%
schlaüer
11.7%
schläuer
20.8%
Quiz Playlist
Details
Report
Send in Message
Add To Playlist
Multiple Choice:
Click on answers out of a set of options
Random Order:
Randomize order of answers
Last Updated: Dec 4, 2018
Quiz Scoreboard
CHALLENGE
Sign Up to Join the Scoreboard
Show All
Scores
Hide
Comments
May contain spoilers
Recently Published
Two Season TV Shows II
by 123Four
Television
10m
Image Sorting: Flags VI
by Barbecue
Geography
2m
Find the 'City' Movie
by crazypaving
Movies
60s
More to Explore
Quiz From the Vault
Featured Blog Post
14 Easter Pick-up Lines to Find Eggs With
hide this ad
You Might Also Like...
Tags
This quiz does not have any tags.
Today's Top Quizzes in Language
Browse Language
hide this ad
Top Contributed Quizzes in Language
1
What Word Starts All?
2
1-10 Letter F Words III
3
Arabic Numerals
4
1-10 Letter G Words III
5
Harry Potter book 6 chapters: English & Greek
6
1-10 Letter H Words III
7
Weisst du, aus welchen Sprachen diese Wörter stammen?
8
1-10 Letter I Words III
9
Celtic Nations in their Language
10
Russian Alphabet (Picture Click)
Explore More
Trending Topics
Harry Potter
Marvel
Disney
Crossword
Kpop
NBA
Anime
WWE
Soccer
NFL
Puzzle
Pokémon
Song
The Office
Country
hide this ad
More By:
enis87
Quiz
Plays
Rating
Category
Featured
Created
Nominativ oder Akkusativ?
452
Language
Dec 2, 2018
a1 kviz
388
Language
Aug 11, 2018
Deutsch Quiz
159
1.00
Language
Sep 16, 2020
Komparativ
77
Language
Dec 4, 2018
A1 kviz
62
Language
Jan 24, 2019
Go to Creator's Profile
Score Distribution
Quiz Creator Spotlight
enis87
Follow
Send a Message
Quizzes Created
-
Created Quiz Play Count
-
More By This Creator
Popular Quizzes Today
1
Colored Red Africa Blitz
2
Find the US States - No Outlines Minefield
3
Find the 'City' Movie
4
5x2 Blitz: Bands
5
The Countries of the World
6
Find the US States
7
Find the Countries of Europe - No Outlines Minefield
8
US States
More Language Quizzes
4-Letter 'Y' Words with Double Letters
Published
Trending Quizzes
Colored Red Europe Blitz I
Colored Red Africa Blitz II
Colored Red Europe Blitz II
Colored Red Africa Blitz III
Colored Red Europe Blitz III
Recently Updated
How Do You Spell That?
pecheneg
Godzilla Movies
pecheneg
Grab Bag: 4-10 Letters
pecheneg
2024 March Madness Bracket
pecheneg
Famous TV Couples
Peacemaker
Champions League XIs: Real Madrid
pecheneg
Largest US Cities 1790-2010
pecheneg
Rides in Walt Disney World
pecheneg
Most Oscar Losses (Acting)
pecheneg
Beyoncé Albums
pecheneg
Trending Topics
Marvel
Kpop
Disney
NBA
Crossword
Anime
Harry Potter
Country
Puzzle
Soccer
NFL
Pokémon
The Office
Song
WWE
Your Account Isn't Verified!
In order to create a playlist on Sporcle, you need to verify the email address you used during registration. Go to your
Sporcle Settings
to finish the process.
Report this User
Report this user for behavior that violates our
Community Guidelines
.
Details:
Send Report
Go to the Sporcle.com Mobile Site →
Comments